| 000 | 00760nam a2200181 i 4500 | ||
|---|---|---|---|
| 001 | 83493 | ||
| 003 | ES-MaACL | ||
| 005 | 20230906174834.0 | ||
| 007 | t| | ||
| 008 | 041117s1949 mx ||||1| spa d | ||
| 100 | 1 |
_aJackson, Chevalier. _965805 |
|
| 245 | 1 | 0 |
_aOtorrinolaringología y Broncoesofagología / _cdirección de Chevalier Jackson y Chevalier L. Jackson ; con la colaboración de sesenta y cuatro especialistas ; traducción castellana por Oscar G. Carrera. |
| 260 |
_aMéxico : _bUnión Tipográfica Editorial Hispano-Americana, _c[1949] ( _fTall. Gráf. de la Nación) |
||
| 300 |
_aXX, 1162 p., 12 lám. : _bil. ; _c25 cm. |
||
| 700 | 1 |
_aJackson, Chevalier L. _965806 |
|
| 700 | 1 |
_aCarrera, Oscar G. _935633 |
|
| 852 |
_aES-MaACL _jE-1603 _bR.28567 |
||
| 999 |
_c83493 _d83493 |
||